| 000 | 00814nam a2200217 i 4500 | ||
|---|---|---|---|
| 001 | 182197 | ||
| 003 | ES-MaACL | ||
| 005 | 20250804040021.0 | ||
| 008 | 130625s2008 sp | |||||||| | spa d | ||
| 020 | _a978-84-96583-67-2 | ||
| 080 | _a821.134.2-14"19" | ||
| 100 | 1 |
_aGarcía López, José María. _954846 |
|
| 245 | 1 | 0 |
_aSerán ceniza _b: (poesía 1988-2008) / _cJosé Mª García López. |
| 260 |
_aCádiz : _bDiputación de Cádiz, Servicio de Publicaciones, _c2008. |
||
| 300 |
_a156 p. ; _c21 cm. |
||
| 490 | 1 |
_aLibros de bolsillo de la Diputación de Cádiz ; _v29. _aPoesía |
|
| 830 | 0 | 0 |
_aLibros de bolsillo (Diputación Provincial de Cádiz) _v29. _9224809 |
| 852 |
_aES-MaACL _jA-12779 _9189108 _bR.148880 _cDEPO1 _dOlim: N-5771 |
||
| 942 |
_2udc _cMONOGRAFIA |
||
| 999 |
_c182197 _d182197 |
||